| 000 | 00702na a2200265 4500 | ||
|---|---|---|---|
| 001 | 16052 | ||
| 003 | MIRAKIL | ||
| 005 | 20181213154855.0 | ||
| 008 | 161001b tu 000 0 | ||
| 020 | _a9786055929145 | ||
| 035 | _a16052 | ||
| 040 |
_aMilas _btur _cTR-AnCHP |
||
| 041 | _atur | ||
| 082 |
_a817.42 _bK49d 2009 |
||
| 090 | _a817.42 K49d 2009 | ||
| 100 | _aKızılot, Şükrü | ||
| 245 |
_aDeve mi kuş mu _cŞükrü Kızılot |
||
| 250 | _a5.bs. | ||
| 260 |
_aAnkara _bYaklaşım yayıncılık _c2009 |
||
| 300 |
_a320 s. _bresim var. _c19 sm. |
||
| 500 | _aYapıt yazarından imzalıdır. | ||
| 650 |
_aTürk edebiyatı _xHiciv ve mizah |
||
| 657 | _aMizah | ||
| 942 |
_2ddc _cBKS |
||
| 999 |
_c2376 _d2376 |
||